| Tag |
First Indicator |
Second Indicator |
Subfields |
| LEADER |
00000cam a2200000Ia 4500 |
| 001 |
in00002467952 |
| 005 |
20210817090712.0 |
| 006 |
m d |
| 007 |
cr cn||||||||| |
| 008 |
080226s2005 nyua sb 001 0 eng d |
| 020 |
|
|
|a 0306486822
|
| 020 |
|
|
|a 9780306486821
|
| 035 |
|
|
|a (OCoLC)209818181
|
| 035 |
|
|
|a (OCoLC)ocn209818181
|
| 037 |
|
|
|a 978-0-306-48681-4
|b Springer
|n http://www.springerlink.com
|
| 040 |
|
|
|a GW5XE
|c GW5XE
|d UtOrBLW
|
| 049 |
|
|
|a TEFA
|
| 050 |
1 |
4 |
|a TA352
|b .A85 2005eb
|
| 082 |
0 |
4 |
|a 620.1/04
|2 22
|
| 100 |
1 |
|
|a Ardema, Mark D.
|0 http://id.loc.gov/authorities/names/n82158572
|
| 245 |
1 |
0 |
|a Analytical dynamics :
|b theory and applications /
|c Mark D. Ardema.
|
| 264 |
|
1 |
|a New York :
|b Kluwer Academic/Plenum Publishers,
|c 2005.
|
| 300 |
|
|
|a xv, 340 pages :
|b illustrations ;
|c 26 cm.
|
| 336 |
|
|
|a text
|b txt
|2 rdacontent
|
| 337 |
|
|
|a computer
|b c
|2 rdamedia
|
| 338 |
|
|
|a online resource
|b cr
|2 rdacarrier
|
| 500 |
|
|
|a Electronic resource.
|
| 504 |
|
|
|a Includes bibliographical references (pages 335-336) and index.
|
| 533 |
|
|
|a Electronic reproduction.
|b New York :
|c Springer,
|d 2008.
|n Mode of access: World Wide Web.
|n System requirements: Web browser.
|n Title from title screen (viewed on Jan. 30, 2008).
|n Access may be restricted to users at subscribing institutions.
|
| 650 |
|
0 |
|a Dynamics.
|0 http://id.loc.gov/authorities/subjects/sh85040316
|
| 655 |
|
7 |
|a Electronic books.
|2 local
|
| 710 |
2 |
|
|a SpringerLink (Online service)
|0 http://id.loc.gov/authorities/names/no2005046756
|
| 776 |
1 |
|
|c Original
|z 0306486814
|z 9780306486814
|w (DLC) 2004054841
|w (OCoLC)55681510
|
| 856 |
4 |
0 |
|u http://proxy.library.tamu.edu/login?url=https://dx.doi.org/10.1007/b116020
|z Connect to the full text of this electronic book
|t 0
|
| 994 |
|
|
|a C0
|b TEF
|
| 999 |
|
|
|a MARS
|
| 999 |
f |
f |
|s c13c16f3-2b0f-3a3e-a5f7-75d4bed7ad2e
|i 4bb6850c-b34a-31b0-883b-f725f84da602
|t 0
|
| 952 |
f |
f |
|a Texas A&M University
|b College Station
|c Electronic Resources
|d Available Online
|t 0
|e TA352 .A85 2005eb
|h Library of Congress classification
|
| 998 |
f |
f |
|a TA352 .A85 2005eb
|t 0
|l Available Online
|